| 000 | 01015cad a22002295a 4500 | ||
|---|---|---|---|
| 001 | L153168 | ||
| 008 | 110620e20110620xxk 000 0 eng d | ||
| 035 | _a(Sirsi) u153168 | ||
| 041 | 0 | _aeng | |
| 245 | 0 | 0 |
_aScullion v Bank of Scotland t/as Colleys _h[electronic resource] |
| 260 | _c2011 | ||
| 490 |
_aRICS News _v20 June 2011 |
||
| 520 | _aSummarises the CA decision which held that the valuer of a residential property does not owe a duty of care to a borrower if he or she was instructed by a commercial lender and the borrower is a buy-to-let investor. (See L153160 for summary and link to full transcript.). | ||
| 590 | _aKA | ||
| 650 | 2 | 4 | _aSCULLION V BANK OF SCOTLAND PLC (T/A COLLEYS) |
| 650 | 2 | 4 | _aSMITH V BUSH |
| 650 | 2 | 4 | _aHEDLEY BRYNE V HELLLER |
| 651 | 4 | _aUNITED KINGDOM | |
| 690 | _aMANAGEMENT-BUSINESS MANAGEMENT-PROFESSIONAL PRACTICE-NEGLIGENCE | ||
| 856 | 4 | 0 |
_uhttps://www.rics.org/site/scripts/news_article.aspx?newsID=2286. _zView this item free of charge at www.rics.org |
| 942 | _n0 | ||
| 999 |
_c83211 _d83211 |
||